Industrial Engineering Mgt (Record no. 4702)

MARC details
000 -LEADER
fixed length control field 00391nam a22001697a 4500
005 - DATE AND TIME OF LATEST TRANSACTION
control field 20160629140309.0
008 - FIXED-LENGTH DATA ELEMENTS--GENERAL INFORMATION
fixed length control field 160629b xxu||||| |||| 00| 0 eng d
020 ## - INTERNATIONAL STANDARD BOOK NUMBER
ISBN 81-85749-71-X
041 ## - LANGUAGE CODE
Language code of text/sound track or separate title eng
082 ## - DEWEY DECIMAL CLASSIFICATION NUMBER
Item number 12328
100 ## - MAIN ENTRY--AUTHOR NAME
Personal name Verma A.P
245 ## - TITLE STATEMENT
Title Industrial Engineering Mgt
260 ## - PUBLICATION, DISTRIBUTION, ETC. (IMPRINT)
Name of publisher Katson
Year of publication 2012
300 ## - PHYSICAL DESCRIPTION
Number of Pages 804
650 ## - SUBJECT ADDED ENTRY--TOPICAL TERM
Topical Term Diploma Engineering
942 ## - ADDED ENTRY ELEMENTS (KOHA)
Koha item type Books
Holdings
Lost status Damaged status Home library Current library Shelving location Date acquired Cost, normal purchase price Full call number Accession Number Koha item type Collection code
    JRU Library   SHELF-43-H 29/06/2016 340.00 12328 12328 Books  
    JRU Library   SHELF-43-H 29/06/2016 340.00 12328 12329 Books  
    JRU Library JRU Library SHELF-42-E 29/06/2016 340.00 12328 12330 Books MANAGEMENT
    JRU Library   SHELF-43-H 29/06/2016 340.00 12328 12331 Books  
    JRU Library   SHELF-43-H 29/06/2016 340.00 12328 12332 Books  
    JRU Library   SHELF-43-I 29/06/2016 340.00 12328 12333 Books  
    JRU Library   SHELF-43-I 29/06/2016 340.00 12328 12334 Books  
    JRU Library   SHELF-43-I 29/06/2016 340.00 12328 12335 Books  
    JRU Library   SHELF-43-I 29/06/2016 340.00 12328 12336 Books  
    JRU Library   SHELF-43-I 29/06/2016 340.00 12328 12337 Books